Statistics for Best Simpsons Quotes Quiz

Click here to take the quiz!

General Stats

  • This quiz has been taken 1,397 times
    (1,395 since last reset)
  • The average score is 9 of 15

Answer Stats

CharacterQuoteAnswer% Correct
ApuThank you, ____ again.come
97%
BartDon't have a ___, man.cow
90%
RalphMe ____ English? That’s unpossible.fail
84%
ÜterDon't make me run, I'm full of _________!chocolate
83%
HomerHere’s to alcohol, the cause of, and ________ __, all life’s problemssolution to
77%
HomerYou don’t win friends with _____.salad
74%
HomerFame was like a drug. But what was even more like a drug were the _____.drugs
70%
DuffmanDuff man is _________ in the direction of the problem!thrusting
70%
Ralph WiggumMy cat's breath smells like ___ ____.cat food
59%
Mr. BurnsWhat good is _____ if it can’t inspire terror in your fellow man?money
53%
Principal SkinnerThere's no justice like angry ___ justice.mob
47%
HomerWhen I held that gun in my hand, I felt a surge of power…like God must feel when he’s _______ _ ___.holding a gun
36%
MilhouseI can't go to juvie, they use guys like me as ________.currency
31%
MoeOh boy, it looks like it's _______ again for me.suicide
30%
Comic Book GuyOh, loneliness and _____________ are a dangerous mix.cheeseburgers
29%

Score Distribution

Percentile by Number Answered

Percent of People with Each Score

Your Score History

You have not taken this quiz since the last reset